[Event "Open Aubagne 2022/2023"]
[Site "Aubagne"]
[Date "2023.01.21"]
[Round "5.7"]
[White "Madi, Mohammed"]
[Black "Vrillet, Loan"]
[Result "1-0"]
[WhiteElo "1338"]
[BlackElo "1199"]
[PlyCount "103"]
[WhiteTeam "Cercle d'Echecs Aubagnais"]
[BlackTeam "Cercle d'Echecs Aubagnais"]

1. e4 c6 2. d4 d5 3. Nd2 dxe4 4. Nxe4 Nd7 5. Bd3 Ngf6 6. Ng3 e6 7. Nf3 Bd6 8.
c3 b6 9. Qe2 O-O 10. Ne4 Nxe4 11. Bxe4 Bb7 12. Bg5 Be7 13. Bf4 Nf6 14. Bd3 c5
15. Rd1 cxd4 16. Nxd4 Nd5 17. Be5 Bf6 18. Qe4 g6 19. Bxf6 Qxf6 20. c4 Nb4 21.
Qxb7 Qxd4 22. Bxg6 Qe5+ 23. Qe4 Nd3+ 24. Rxd3 Qa5+ 25. Rc3 hxg6 26. O-O Qf5 27.
Qh4 Kg7 28. Rf3 g5 29. Qd4+ e5 30. Rxf5 exd4 31. Rxg5+ Kf6 32. Rd5 Rfd8 33. Rd1
Rxd5 34. cxd5 Ke5 35. d6 Rd8 36. f3 Rxd6 37. Kf2 Rc6 38. Rd2 f5 39. Ke2 Rh6 40.
h3 f4 41. Kd3 Rc6 42. Re2+ Kf5 43. Kxd4 Rd6+ 44. Kc3 Rc6+ 45. Kb3 a5 46. a4 Rd6
47. Kc4 Kg5 48. Kc3 Kh4 49. Re7 Rd1 50. Rg7 Re1 51. Rg4+ Kh5 52. Rxf4 1-0

[Event "Open Aubagne 2022/2023"]
[Site "Aubagne"]
[Date "2023.01.21"]
[Round "5.8"]
[White "Battaglia, Gerard"]
[Black "Beneddra, Nassim"]
[Result "1-0"]
[WhiteElo "1664"]
[BlackElo "1161"]
[PlyCount "55"]
[WhiteTeam "Echiquier Marseillais 1872"]
[BlackTeam "Echiquier Marseillais 1872"]

1. d4 d5 2. c4 c6 3. Nc3 Nf6 4. Nf3 a6 5. a4 e6 6. e3 Be7 7. Bd3 c5 8. O-O cxd4
9. exd4 Nc6 10. Re1 O-O 11. Be3 Re8 12. Qb1 Nb4 13. c5 Nxd3 14. Qxd3 Qc7 15. b4
b6 16. Bg5 h6 17. Bxf6 Bxf6 18. Nxd5 Qd8 19. Nxb6 Rb8 20. Nxc8 Qxc8 21. Rab1
Rd8 22. Qc4 Qc6 23. b5 axb5 24. axb5 Qb7 25. c6 Qc7 26. Rb3 Rb6 27. Ra1 Rdb8
28. g3 1-0

[Event "Open Aubagne 2022/2023"]
[Site "Aubagne"]
[Date "2023.01.22"]
[Round "5.9"]
[White "Lai, Bjorn"]
[Black "Gamblin, Vincent"]
[Result "0-1"]
[WhiteElo "1335"]
[BlackElo "1441"]
[PlyCount "110"]
[WhiteTeam "Club Provence Echecs"]
[BlackTeam "L'Echiquier du Roy René"]

1. e4 d6 2. d4 Nf6 3. Nc3 g6 4. f4 Bg7 5. Nf3 c5 6. Bb5+ Bd7 7. Bxd7+ Nbxd7 8.
e5 dxe5 9. dxe5 Ng8 10. O-O Qb6 11. Ng5 Rd8 12. Qe2 h6 13. Nge4 a6 14. Nd5 Qc6
15. c4 f5 16. exf6 Ndxf6 17. Nexf6+ Bxf6 18. f5 g5 19. Qh5+ Kf8 20. h4 Bd4+ 21.
Kh1 Nf6 22. Nxf6 Qxf6 23. Rb1 e5 24. Bd2 Ke7 25. Qf3 Rd7 26. Qe4 Qf7 27. Be1
Qf6 28. h5 Rhd8 29. g4 b5 30. b3 Kf8 31. Ba5 Rb8 32. Bd2 Kg7 33. Rfd1 Rdb7 34.
Kg2 bxc4 35. bxc4 Rxb1 36. Rxb1 Rxb1 37. Qxb1 Qc6+ 38. Kg3 e4 39. Qc1 Qd6+ 40.
Kg2 Qe5 41. Be3 Kf6 42. Qd2 Ke7 43. Qc1 Kd6 44. Qd2 Kc6 45. Qe1 Bxe3 46. Qxe3
Qf4 47. Qe2 Kd6 48. Qd1+ Kc7 49. Qe2 e3 50. Kh3 Kd6 51. Qd3+ Qd4 52. Qe2 Qd2
53. Qf3 e2 54. Qg3+ Qf4 55. Qe1 Qf1+ 0-1

[Event "Open Aubagne 2022/2023"]
[Site "Aubagne"]
[Date "2023.09.21"]
[Round "5.10"]
[White "Roman, Sylvian"]
[Black "Benezra, David"]
[Result "0-1"]
[WhiteElo "1272"]
[BlackElo "1379"]
[PlyCount "80"]
[WhiteTeam "Cercle d'Echecs Aubagnais"]
[BlackTeam "L'Echiquier du Roy René"]

1. d4 Nf6 2. Bf4 g6 3. e3 Bg7 4. c3 O-O 5. Nf3 d6 6. h3 Nfd7 7. Bd3 e5 8. dxe5
dxe5 9. Bh2 f5 10. Bc4+ Kh8 11. O-O Nc6 12. Re1 g5 13. Bd5 Qf6 14. Nfd2 Ne7 15.
Bb3 b6 16. f3 h5 17. Rf1 Bb7 18. Nc4 Rad8 19. Qe2 Nc5 20. Bxe5 Qc6 21. Bxg7+
Kxg7 22. Nbd2 g4 23. f4 gxh3 24. Ne5 Qf6 25. g3 Kh6 26. Bd1 Kg7 27. Kh2 Bg2 28.
Rg1 Ng6 29. Ndf3 Ne4 30. Nd4 Nxe5 31. fxe5 Qxe5 32. Rxg2 hxg2 33. Qf3 h4 34.
Kxg2 hxg3 35. Nc6 Rd2+ 36. Be2 Qf6 37. Nd4 c5 38. Nxf5+ Qxf5 39. Rf1 Qxf3+ 40.
Rxf3 Rxe2+ 0-1

[Event "Open Aubagne 2022/2023"]
[Site "Aubagne"]
[Date "2023.01.21"]
[Round "5.11"]
[White "Hovaguimian, Gerard"]
[Black "Touaoula, Rachid"]
[Result "0-1"]
[WhiteElo "1400"]
[BlackElo "1310"]
[PlyCount "62"]
[WhiteTeam "Hay Chess"]
[BlackTeam "Echiquier Marseillais 1872"]

1. d4 Nf6 2. c4 e6 3. Nc3 b6 4. Nf3 Bb7 5. e3 Be7 6. Be2 O-O 7. O-O d5 8. cxd5
Nxd5 9. Nd2 Nxc3 10. bxc3 c5 11. Bf3 Qc7 12. Bxb7 Qxb7 13. Qf3 Qxf3 14. Nxf3
Nc6 15. a4 cxd4 16. cxd4 Rfd8 17. Rd1 Rac8 18. g4 h6 19. h4 Na5 20. Ba3 Bxa3
21. Rxa3 Rc4 22. Ne5 Rc2 23. Nd3 Nc4 24. Raa1 Nd2 25. Rac1 Rdc8 26. Rxc2 Rxc2
27. Kg2 Ne4 28. Kf3 Nd2+ 29. Kf4 Nb3 30. Ke4 Rc4 31. Nb2 Rb4 0-1

[Event "Open Aubagne 2022/2023"]
[Site "Aubagne"]
[Date "2023.01.21"]
[Round "5.12"]
[White "Periale, Albert"]
[Black "Hassaine, Rachid"]
[Result "0-1"]
[WhiteElo "1212"]
[BlackElo "1361"]
[PlyCount "82"]
[WhiteTeam "Cercle d'Echecs Aubagnais"]
[BlackTeam "Cercle d'Echecs Aubagnais"]

1. d4 d5 2. Nf3 Nf6 3. Bf4 e6 4. c3 Be7 5. h3 O-O 6. e3 Bd6 7. Ne5 Nfd7 8. Bd3
f6 9. Qh5 f5 10. Qd1 Nxe5 11. Bxe5 Bxe5 12. dxe5 Nc6 13. f4 Qh4+ 14. Kf1 Ne7
15. Nd2 c5 16. Nf3 Qh6 17. c4 d4 18. Qd2 Nc6 19. a3 b6 20. b3 Bb7 21. Qf2 Rad8
22. Rd1 Rf7 23. Ke2 Rfd7 24. g4 dxe3 25. Qxe3 Nd4+ 26. Nxd4 cxd4 27. Qf2 Bxh1
28. Rxh1 g6 29. g5 Qf8 30. b4 a5 31. Qe1 Ra7 32. h4 axb4 33. Qxb4 Qxb4 34. axb4
Ra2+ 35. Kf3 Rda8 36. Rd1 R8a3 37. c5 bxc5 38. bxc5 Rc2 39. c6 Rxc6 40. Rd2 Rc1
41. Kg2 Rac3 0-1

[Event "Open Aubagne 2022/2023"]
[Site "Aubagne"]
[Date "2023.01.21"]
[Round "5.14"]
[White "Belaid, Myriam"]
[Black "Moerenhout, Jean Claude"]
[Result "0-1"]
[WhiteElo "1199"]
[BlackElo "1291"]
[PlyCount "70"]
[WhiteTeam "Cercle d'Echecs Aubagnais"]
[BlackTeam "Cercle d'Echecs Aubagnais"]

1. d4 Nf6 2. Nf3 d5 3. e3 Nc6 4. c3 Bf5 5. Nbd2 g6 6. h3 a6 7. a4 Bg7 8. Be2
O-O 9. O-O Re8 10. Nh4 Bd7 11. Bd3 e5 12. Re1 e4 13. Bc2 Nh5 14. Bb3 Qxh4 15.
Bxd5 Nf6 16. Bc4 Ne7 17. Qb3 Rf8 18. Qxb7 Bxh3 19. Qxc7 Ned5 20. Bxd5 Nxd5 21.
Qc5 Be6 22. f3 Qxe1+ 23. Nf1 Qh4 24. g3 Qh5 25. fxe4 Rac8 26. Qd6 Rcd8 27. Qxa6
Nf6 28. e5 Bd5 29. Kf2 Ng4+ 30. Ke2 Nh2+ 31. Ke1 Nf3+ 32. Kf2 Qh1 33. e4 Bxe4
34. Ke3 Ne1 35. Kf2 Bd3 0-1

[Event "Open Aubagne 2022/2023"]
[Site "Aubagne"]
[Date "2023.01.21"]
[Round "5.15"]
[White "Maggio, Lucas"]
[Black "Roganova, Jeremy"]
[Result "1-0"]
[WhiteElo "1247"]
[BlackElo "1179"]
[PlyCount "59"]
[WhiteTeam "Cercle d'Echecs Aubagnais"]
[BlackTeam "Cercle d'Echecs Aubagnais"]

1. d4 Nf6 2. c4 g6 3. f3 Bg7 4. e4 d6 5. Nc3 O-O 6. Be3 Nbd7 7. Qd2 e5 8. d5 a6
9. O-O-O c6 10. dxc6 bxc6 11. Qxd6 Bb7 12. Nge2 Rc8 13. g4 Qc7 14. g5 Rfd8 15.
Qxc7 Rxc7 16. gxf6 Bxf6 17. h4 Nf8 18. Rxd8 Bxd8 19. h5 Ne6 20. hxg6 fxg6 21.
Bb6 Rf7 22. Bh3 Bg5+ 23. Kb1 Bc8 24. Bg4 h5 25. Bxe6 Bxe6 26. Rg1 Bh4 27. Rxg6+
Kh7 28. Rxe6 Rxf3 29. Rxe5 Rf1+ 30. Kc2 1-0

[Event "Open Aubagne 2022/2023"]
[Site "Aubagne"]
[Date "2023.01.21"]
[Round "5.16"]
[White "Autouard, Jean-Luc"]
[Black "Turpin, Isabelle"]
[Result "1-0"]
[WhiteElo "1242"]
[BlackElo "1115"]
[PlyCount "75"]
[WhiteTeam "Cercle d'Echecs Aubagnais"]
[BlackTeam "Cercle d'Echecs Aubagnais"]

1. e4 d6 2. Nf3 Nc6 3. Bb5 a6 4. Ba4 b5 5. Bb3 Be6 6. Bxe6 fxe6 7. O-O Qd7 8.
d4 O-O-O 9. Nc3 h6 10. d5 Ne5 11. Nd4 exd5 12. exd5 Nf6 13. f4 Nf7 14. Qd3 g5
15. a4 Kb7 16. axb5 Ra8 17. bxa6+ Kc8 18. Nc6 e6 19. Qb5 Nd8 20. a7 Nb7 21. Ra3
Qe8 22. Rb3 Kd7 23. Qxb7 Rc8 24. Nb8+ Ke7 25. a8=Q Nd7 26. Nc6+ Kf7 27. Qaxc8
Bg7 28. Qxe8+ Rxe8 29. dxe6+ Rxe6 30. Nd8+ Ke7 31. Nxe6 Kxe6 32. Re1+ Kf5 33.
Rb5+ Nc5 34. Qc8+ Kg6 35. Qxc7 Bd4+ 36. Kh1 Kf5 37. Qxd6 Bf2 38. Qe6# 1-0

[Event "Open Aubagne 2022/2023"]
[Site "Aubagne"]
[Date "2023.01.21"]
[Round "5.17"]
[White "Boudet, Nicole"]
[Black "Rocchia, Alex"]
[Result "0-1"]
[WhiteElo "1111"]
[BlackElo "1238"]
[PlyCount "84"]
[WhiteTeam "Club d'Echecs Pennois (CEP)"]
[BlackTeam "Cassis Echecs"]

1. e4 e5 2. Nf3 Nf6 3. Nxe5 d6 4. Nf3 Nxe4 5. Bb5+ c6 6. Ba4 d5 7. c3 Bc5 8.
O-O O-O 9. d3 Nf6 10. h3 Bf5 11. Re1 Qd6 12. Nbd2 Bxd3 13. Ne5 Be4 14. Nef3
Nbd7 15. b4 Bb6 16. Nc4 Qc7 17. Nxb6 axb6 18. Ng5 Qe5 19. Nxe4 Nxe4 20. Bd2 Qf5
21. Re2 Nxd2 22. Rxd2 Rfe8 23. Bc2 Qf6 24. Qh5 g6 25. Qg4 Ne5 26. Qg3 Nc4 27.
Rd4 Re7 28. Rf4 Qg7 29. h4 Re2 30. Qd3 Rae8 31. Kh2 Na3 32. Rc1 Qh6 33. g3
Rxf2+ 34. Rxf2 Qxc1 35. Qf3 Rf8 36. Bd1 Qh6 37. Kg2 Nb5 38. Qf6 Qg7 39. Qe7
Nxc3 40. Bg4 Ne4 41. Rf3 Qb2+ 42. Kg1 Qc1+ 0-1

[Event "Open Aubagne 2022/2023"]
[Site "Aubagne"]
[Date "2023.01.21"]
[Round "5.19"]
[White "Belaid, Noa"]
[Black "Nakle-Fambon, Gabriel"]
[Result "0-1"]
[WhiteElo "1121"]
[BlackElo "1199"]
[PlyCount "122"]
[WhiteTeam "Cercle d'Echecs Aubagnais"]
[BlackTeam "La Ciotat Echecs (LCE)"]

1. e4 e5 2. Nf3 Nc6 3. Bc4 Nf6 4. Nc3 Bb4 5. d3 O-O 6. O-O d6 7. a3 Bc5 8. b4
Bd4 9. Nxd4 Nxd4 10. Bg5 h6 11. Bh4 c6 12. h3 Re8 13. Ne2 Nxe2+ 14. Qxe2 d5 15.
Bb3 Qd6 16. Bxf6 Qxf6 17. exd5 cxd5 18. Bxd5 Rd8 19. Be4 Qg5 20. Qf3 Rb8 21.
Rae1 Be6 22. c4 Rd7 23. Re3 f5 24. Bd5 Bxd5 25. cxd5 f4 26. Re2 Rbd8 27. Rd1
Rxd5 28. Qe4 Qh5 29. f3 g6 30. Rc2 Qf5 31. Qxf5 gxf5 32. Re2 Kf7 33. Kf2 Kf6
34. Red2 e4 35. fxe4 fxe4 36. Ke2 Kg5 37. dxe4 Rxd2+ 38. Rxd2 Re8 39. Kf3 Re5
40. Rd5 Rxd5 41. exd5 Kf5 42. d6 Ke6 43. d7 Kxd7 44. Kxf4 Kc6 45. Ke4 Kb5 46.
h4 Ka4 47. Kd4 Kxa3 48. Kc4 h5 49. Kc3 Ka4 50. Kc4 b5+ 51. Kc3 a5 52. bxa5 Kxa5
53. Kb3 b4 54. g3 Kb5 55. Kb2 Ka4 56. Ka2 b3+ 57. Kb2 Kb4 58. Kb1 Ka3 59. Ka1
b2+ 60. Kb1 Kb3 61. g4 hxg4 0-1

[Event "Open Aubagne 2022/2023"]
[Site "Aubagne"]
[Date "2023.01.21"]
[Round "5.21"]
[White "Burnel, Marie-France"]
[Black "Pouliquen, Gilbert"]
[Result "1/2-1/2"]
[WhiteElo "1007"]
[BlackElo "1203"]
[PlyCount "134"]
[WhiteTeam "Cercle d'Echecs Aubagnais"]
[BlackTeam "Echiquier Marseillais 1872"]

1. c4 Nf6 2. Nc3 e6 3. g3 d5 4. cxd5 exd5 5. Bg2 Nc6 6. e3 Be7 7. Nge2 O-O 8.
O-O Bf5 9. d4 Re8 10. b3 Nb4 11. a3 Nd3 12. b4 Nxc1 13. Qxc1 a6 14. Qd1 b6 15.
Nf4 c6 16. Nh5 Bg4 17. Bf3 Bxh5 18. Bxh5 Nxh5 19. Qxh5 Bf8 20. Ne2 g6 21. Qh3
Qc8 22. Qg2 Qe6 23. Nf4 Qe4 24. Qh3 Bd6 25. Qd7 Bxf4 26. exf4 Qxd4 27. Qxc6 b5
28. Rad1 Qc4 29. Qf6 Re6 30. Qa1 Rae8 31. h4 Re2 32. Rd4 Ra2 33. Qd1 Qc6 34.
Rxd5 Rxa3 35. Rd8 Rxd8 36. Qxd8+ Kg7 37. f5 Rb3 38. Qd4+ Qf6 39. Qxf6+ Kxf6 40.
fxg6 hxg6 41. Ra1 Rxb4 42. Rxa6+ Kf5 43. Rb6 Rb1+ 44. Kg2 f6 45. Kf3 Rb3+ 46.
Ke2 Rb2+ 47. Kf3 Ke5 48. Ke3 Rb3+ 49. Ke2 b4 50. f4+ Kf5 51. Kf2 Kg4 52. Rxf6
Rf3+ 53. Kg2 Rxg3+ 54. Kf1 Rf3+ 55. Ke2 Rxf4 56. Rxg6+ Kh5 57. Rg5+ Kxh4 58.
Rb5 Kg3 59. Kd3 Rf3+ 60. Kc2 Rc3+ 61. Kb2 Rc4 62. Kb3 Rf4 63. Rxb4 Rf3+ 64. Ka4
Kf2 65. Kb5 Ke3 66. Rb3+ Ke4 67. Rxf3 Kxf3 1/2-1/2

[Event "Open Aubagne 2022/2023"]
[Site "Aubagne"]
[Date "2023.01.21"]
[Round "5.22"]
[White "Lopez, Marcel"]
[Black "Cavanihac, Claude"]
[Result "0-1"]
[WhiteElo "1047"]
[BlackElo "1337"]
[PlyCount "74"]
[WhiteTeam "Cassis Echecs"]
[BlackTeam "Cercle d'Echecs Aubagnais"]

1. e3 e5 2. Ne2 d5 3. b3 Nf6 4. Bb2 Bd6 5. h3 Be6 6. d4 e4 7. a3 Nbd7 8. Nbc3
a6 9. Ng3 Bxg3 10. fxg3 c5 11. Ne2 Qc7 12. Qd2 b5 13. Nf4 O-O 14. O-O-O c4 15.
b4 Nb6 16. c3 Na4 17. Ba1 a5 18. Kb1 axb4 19. cxb4 Nd7 20. Rc1 Ra6 21. Be2 Rfa8
22. Rc2 Qd6 23. Rhc1 Ndb6 24. Ra2 c3 25. Bxc3 Nxc3+ 26. Rxc3 Nc4 27. Bxc4 bxc4
28. Qc2 Bd7 29. Qf2 Ba4 30. Ra1 Bb3 31. Ne2 Rxa3 32. Rxa3 Rxa3 33. Qf5 Qxb4 34.
Qxd5 Bd1+ 35. Kc1 Ra1+ 36. Kd2 Qb2+ 37. Ke1 Qxe2# 0-1

[Event "Open Aubagne 2022/2023"]
[Site "Aubagne"]
[Date "2023.01.21"]
[Round "5.23"]
[White "Evrard, Nicolas"]
[Black "Pegon, Claude"]
[Result "1-0"]
[WhiteElo "1304"]
[BlackElo "1058"]
[PlyCount "29"]
[WhiteTeam "Salon Nostradamus"]
[BlackTeam "Cassis Echecs"]

1. d4 e6 2. c4 Nf6 3. Nc3 c6 4. a3 g6 5. e4 Bg7 6. Bg5 h6 7. Bxf6 Bxf6 8. e5
Bg7 9. Ne4 f6 10. Nd6+ Ke7 11. f4 Na6 12. Qg4 g5 13. Qh5 Rf8 14. Qg6 Bh8 15.
Qh7+ 1-0

[Event "Open Aubagne 2022/2023"]
[Site "Aubagne"]
[Date "2023.01.21"]
[Round "5.24"]
[White "Lognos, Lina"]
[Black "Pretini, Augustin"]
[Result "0-1"]
[WhiteElo "1009"]
[BlackElo "1199"]
[PlyCount "36"]
[WhiteTeam "Cercle d'Echecs Aubagnais"]
[BlackTeam "Cercle d'Echecs Aubagnais"]

1. d4 d5 2. Bf4 Nc6 3. e3 Bf5 4. c4 Nb4 5. Nc3 Nc2+ 6. Kd2 Nxa1 7. Qxa1 Nf6 8.
cxd5 Nxd5 9. Nxd5 Qxd5 10. Bxc7 Be4 11. f3 Bg6 12. Qc1 Qxa2 13. Bc4 Qa4 14. Qc3
e5 15. Bxe5 Bb4 16. Bb5+ Qxb5 17. Ne2 Bxc3+ 18. Nxc3 Qxb2+ 0-1

[Event "Open Aubagne 2022/2023"]
[Site "Aubagne"]
[Date "2023.01.21"]
[Round "5.25"]
[White "Duconseille, Doriane"]
[Black "Genta, Noam"]
[Result "1-0"]
[WhiteElo "1112"]
[BlackElo "1009"]
[PlyCount "75"]
[WhiteTeam "Echiquier Marseillais 1872"]
[BlackTeam "La Ciotat Echecs (LCE)"]

1. d4 d5 2. Bf4 Nc6 3. Nf3 Nf6 4. e3 Bf5 5. c3 e6 6. h3 Bd6 7. Ne5 h6 8. Nd2
O-O 9. Be2 Ne4 10. Nxe4 Bxe4 11. O-O Bxe5 12. dxe5 f6 13. exf6 Qxf6 14. Bg4 Ne5
15. f3 Bd3 16. Bxe5 Qxe5 17. Qxd3 Rf6 18. f4 Qd6 19. Rae1 e5 20. fxe5 Qxe5 21.
Bf3 c6 22. Bd1 Qg5 23. Rxf6 Qxf6 24. Bc2 g6 25. Rf1 Qg5 26. Qxg6+ Qxg6 27. Bxg6
Rf8 28. Bh7+ Kg7 29. Bc2 Rxf1+ 30. Kxf1 Kf7 31. Ke2 Ke7 32. Kf3 Kd6 33. Kf4 Kc5
34. Bd3 b5 35. a3 a5 36. g4 a4 37. h4 b4 38. g5 1-0

[Event "Open Aubagne 2022/2023"]
[Site "Aubagne"]
[Date "2023.01.21"]
[Round "5.26"]
[White "Genta, Melina"]
[Black "Leccese, Olia"]
[Result "1-0"]
[WhiteElo "1099"]
[BlackElo "1009"]
[PlyCount "41"]
[WhiteTeam "La Ciotat Echecs (LCE)"]
[BlackTeam "La Ciotat Echecs (LCE)"]

1. e4 e5 2. Nf3 Nc6 3. Bc4 Bc5 4. Nc3 Nf6 5. d3 d6 6. h3 O-O 7. Bg5 h6 8. Bh4
Bd7 9. Nd5 Nxd5 10. Bxd8 Nf4 11. Bh4 Nxg2+ 12. Kf1 Nxh4 13. Nxh4 Nd4 14. c3 Nb5
15. Qf3 Rfe8 16. a4 Nd4 17. cxd4 Bxd4 18. Qg3 Bxb2 19. Rg1 g6 20. Qxg6+ Kh8 21.
Qxh6# 1-0

[Event "Open Aubagne 2022/2023"]
[Site "Aubagne"]
[Date "2023.01.21"]
[Round "5.27"]
[White "Gregot, Adrien"]
[Black "Terlecki, Mae"]
[Result "1/2-1/2"]
[WhiteElo "1099"]
[BlackElo "1009"]
[PlyCount "50"]
[WhiteTeam "La Ciotat Echecs (LCE)"]
[BlackTeam "La Ciotat Echecs (LCE)"]

1. e4 e5 2. Nf3 Bb4 3. a3 Ba5 4. b4 Bb6 5. Nxe5 d6 6. Nf3 Nf6 7. e5 dxe5 8. Bc4
O-O 9. O-O Bg4 10. h3 Bh5 11. c3 Nc6 12. Bb3 h6 13. Bc2 e4 14. g4 Bg6 15. Nh4
Bh7 16. c4 Bd4 17. Nc3 b6 18. b5 Na5 19. d3 Bxc3 20. Rb1 exd3 21. Bb3 d2 22.
Bb2 Bxb1 23. Bxc3 Ne4 24. Bxa5 bxa5 25. Qxb1 Nc3 1/2-1/2

[Event "Open Aubagne 2022/2023"]
[Site "Aubagne"]
[Date "2023.01.21"]
[Round "5.28"]
[White "Periale, Francine"]
[Black "Ravel, Paul"]
[Result "1-0"]
[WhiteElo "1009"]
[BlackElo "1099"]
[PlyCount "85"]
[WhiteTeam "Cercle d'Echecs Aubagnais"]
[BlackTeam "La Ciotat Echecs (LCE)"]

1. d4 d5 2. Bf4 Bf5 3. Nf3 Nc6 4. e3 a6 5. Nbd2 Nf6 6. c3 e6 7. Be2 Bd6 8. Bg3
h6 9. Rc1 O-O 10. h3 Bxg3 11. fxg3 Nh5 12. Nf1 Qd6 13. Ne5 Qe7 14. Nxc6 bxc6
15. Bxh5 Rab8 16. b3 Be4 17. Rh2 Qa3 18. Ra1 Qb2 19. Nd2 Qxc3 20. Rc1 Qxe3+ 21.
Be2 Qxg3+ 22. Kf1 Qxh2 23. Nxe4 dxe4 24. Ke1 Qxg2 25. Rc2 e3 26. Bf1 Qg3+ 27.
Ke2 Rbd8 28. Qe1 Qg4+ 29. hxg4 Rd7 30. Kxe3 Rfd8 31. Rd2 c5 32. d5 exd5 33. Ke2
Re8+ 34. Kd1 Rxe1+ 35. Kxe1 Re7+ 36. Be2 c6 37. Kf2 c4 38. bxc4 dxc4 39. Bxc4
Re4 40. Rd8+ Kh7 41. Be2 g6 42. Kf3 Rc4 43. Bxc4 1-0

[Event "Open Aubagne 2022/2023"]
[Site "Aubagne"]
[Date "2023.02.04"]
[Round "6.1"]
[White "Tramarin, Matteo"]
[Black "Richard, Anthony"]
[Result "1-0"]
[WhiteElo "1675"]
[BlackElo "1403"]
[PlyCount "115"]
[WhiteTeam "Cercle d'Echecs Aubagnais"]
[BlackTeam "L'Echiquier du Roy René"]

1. c4 Nf6 2. Nc3 c5 3. g3 g6 4. Bg2 Bg7 5. Rb1 Nc6 6. a3 d6 7. b4 a6 8. e3 Qc7
9. b5 Ne5 10. Qe2 Bg4 11. f3 Be6 12. b6 Qc8 13. d3 Nfd7 14. Na4 Bf5 15. e4 Be6
16. f4 Bg4 17. Qc2 Nc6 18. Be3 Nd4 19. Bxd4 Bxd4 20. h3 Be6 21. Nf3 Nb8 22.
Nxd4 cxd4 23. Qf2 Nc6 24. g4 h5 25. f5 Bd7 26. c5 Ne5 27. Qxd4 hxg4 28. hxg4
Rxh1+ 29. Bxh1 Bxa4 30. Qxa4+ Qd7 31. Qd4 Qc6 32. Rc1 Qb5 33. Kd2 Kd7 34. cxd6
Nc6 35. Qg7 Qxb6 36. dxe7 Qf2+ 37. Kc3 Kxe7 38. fxg6 Rc8 39. Qxf7+ Qxf7 40.
gxf7 Ne5+ 41. Kd2 Rxc1 42. Kxc1 Nxd3+ 43. Kc2 Ne5 44. Kc3 Nxg4 45. Bf3 Ne5 46.
Bh5 b6 47. Kd4 Nd7 48. e5 Nf8 49. Kd5 Ne6 50. Bg4 Nf4+ 51. Ke4 Ng6 52. Bf5 Nh4
53. e6 b5 54. Ke5 a5 55. Be4 b4 56. axb4 a4 57. Kd4 Kxe6 58. f8=Q 1-0

[Event "Open Aubagne 2022/2023"]
[Site "Aubagne"]
[Date "2023.02.04"]
[Round "6.2"]
[White "Roganova, Maxime"]
[Black "Cescon, Moreno"]
[Result "1-0"]
[WhiteElo "1761"]
[BlackElo "1621"]
[PlyCount "187"]
[WhiteTeam "Cercle d'Echecs Aubagnais"]
[BlackTeam "Club d'Echecs Pennois (CEP)"]

1. e4 e5 2. Nf3 d6 3. Nc3 Nf6 4. d4 exd4 5. Nxd4 g6 6. Be3 Bg7 7. f3 c6 8. Bc4
O-O 9. O-O Nbd7 10. a4 Re8 11. Bf2 Nb6 12. Bb3 d5 13. a5 Nc4 14. Bxc4 dxc4 15.
a6 Qd7 16. axb7 Bxb7 17. Na4 Qe7 18. Qe2 Nh5 19. Qxc4 Red8 20. Rad1 Qg5 21. Ne2
a5 22. Nc5 Bc8 23. Rxd8+ Qxd8 24. Bd4 Qg5 25. Bxg7 Nxg7 26. Ng3 h5 27. f4 Qe7
28. f5 gxf5 29. Nxf5 Nxf5 30. exf5 Qf6 31. Ne4 Qxb2 32. Qxc6 Bb7 33. Qh6 Qd4+
34. Nf2 Qg7 35. Qxg7+ Kxg7 36. Rb1 Bd5 37. Rd1 Bc6 38. f6+ Kg6 39. Rd6 Rc8 40.
Nd3 Kf5 41. h3 Be4 42. Ra6 Rxc2 43. Rxa5+ Kxf6 44. Nf2 Bg6 45. Ra6+ Ke5 46. Ra3
Kd4 47. Rf3 Ke5 48. Kh2 Rd2 49. Kg3 Ra2 50. Kh4 Ke6 51. g4 hxg4 52. Nxg4 Ra4
53. Kg5 Ra5+ 54. Kh4 f5 55. Re3+ Kf7 56. Ne5+ Kf6 57. Nd7+ Kf7 58. Kg5 Bh7 59.
Kh6 Ra7 60. Rd3 Bg8 61. Kg5 Ke7 62. Ne5 Ke6 63. Ng6 Bh7 64. Nf8+ Ke5 65. Nd7+
Ke6 66. Nf8+ Ke5 67. Re3+ Kd5 68. Rf3 Ke4 69. Rf4+ Ke3 70. Rh4 Bg8 71. Rh8 Rg7+
72. Kxf5 Rf7+ 73. Kg6 Rxf8 74. Kg7 Rf3 75. Kxg8 Rg3+ 76. Kf7 Kf3 77. h4 Kf4 78.
h5 Kf5 79. h6 Rh3 80. Kg7 Rg3+ 81. Kh7 Kf6 82. Rf8+ Ke7 83. Rf1 Ke6 84. Kh8 Ke7
85. h7 Ke6 86. Rf8 Ke7 87. Rg8 Rh3 88. Kg7 Rg3+ 89. Kh6 Rh3+ 90. Kg6 Rg3+ 91.
Kf5 Rf3+ 92. Ke4 Ra3 93. h8=Q Ra4+ 94. Kd3 1-0

[Event "Open Aubagne 2022/2023"]
[Site "Aubagne"]
[Date "2023.02.04"]
[Round "6.3"]
[White "Mouhieddine, Hocine"]
[Black "Madi, Mohammed"]
[Result "1-0"]
[WhiteElo "1611"]
[BlackElo "1373"]
[PlyCount "63"]
[WhiteTeam "Echiquier Marseillais 1872"]
[BlackTeam "Cercle d'Echecs Aubagnais"]

1. d4 Nf6 2. Bf4 g6 3. Nf3 Bg7 4. c4 d6 5. Nc3 O-O 6. e3 Nbd7 7. Be2 Re8 8. h3
a6 9. O-O b6 10. Rc1 Bb7 11. Qb3 Rb8 12. Rfd1 Kh8 13. c5 bxc5 14. Ng5 Rf8 15.
Nxf7+ Rxf7 16. Qxf7 cxd4 17. exd4 Nb6 18. Qe6 Nbd5 19. Nxd5 Bxd5 20. Qe3 Rxb2
21. Bxa6 Qa8 22. Bf1 Ne4 23. f3 Nf6 24. Rxc7 Ng8 25. Rdc1 Qxa2 26. Rc8 Qa7 27.
Qd3 Bxd4+ 28. Kh1 Rb3 29. Qd1 e5 30. Bg5 Qf7 31. R1c7 Qf5 32. Bh6 1-0

[Event "Open Aubagne 2022/2023"]
[Site "Aubagne"]
[Date "2023.02.04"]
[Round "6.4"]
[White "Ghazarian, David"]
[Black "Espanet, Fabien"]
[Result "0-1"]
[WhiteElo "1586"]
[BlackElo "1533"]
[PlyCount "62"]
[WhiteTeam "Cercle d'Echecs Aubagnais"]
[BlackTeam "Cercle d'Echecs Aubagnais"]

1. e4 c5 2. Nc3 e6 3. b3 d5 4. exd5 exd5 5. Nf3 d4 6. Bb5+ Nd7 7. Qe2+ Qe7 8.
Nd5 Qxe2+ 9. Kxe2 Bd6 10. Re1 Ne7 11. Kf1 Kd8 12. Nxe7 Bxe7 13. Ba3 b6 14. Nxd4
Bf6 15. c3 cxd4 16. cxd4 Bb7 17. Rac1 Rc8 18. Bd6 a6 19. Bc4 Rc6 20. Bd5 Rxc1
21. Bxb7 Rxe1+ 22. Kxe1 Re8+ 23. Kd1 Re6 24. Bf4 Bxd4 25. Bxa6 Bxf2 26. Bc4
Re1+ 27. Kc2 f6 28. a4 Nc5 29. b4 Re4 30. d3 Rxf4 31. bxc5 Bxc5 0-1

[Event "Open Aubagne 2022/2023"]
[Site "Aubagne"]
[Date "2023.02.04"]
[Round "6.5"]
[White "Touaoula, Rachid"]
[Black "Battaglia, Gerard"]
[Result "1-0"]
[WhiteElo "1333"]
[BlackElo "1666"]
[PlyCount "59"]
[WhiteTeam "Echiquier Marseillais 1872"]
[BlackTeam "Echiquier Marseillais 1872"]

1. e4 e5 2. Nf3 d6 3. d4 exd4 4. Nxd4 Nf6 5. Nc3 Be7 6. Bf4 a6 7. Qd2 b5 8. Bd3
Bb7 9. f3 Nbd7 10. Nf5 Bf8 11. Bg5 h6 12. Bh4 g5 13. Bg3 Nh5 14. O-O-O Qf6 15.
Nd5 Bxd5 16. exd5 Ng7 17. Qe3+ Ne5 18. Nd4 Kd7 19. Be4 Nh5 20. Bxe5 Qxe5 21.
Qc3 Qf4+ 22. Kb1 Bg7 23. Qc6+ Ke7 24. Nf5+ Kf6 25. g4 Rhe8 26. gxh5 Bf8 27.
Qc3+ Re5 28. Rdg1 a5 29. Rg4 b4 30. Qd4 1-0

[Event "Open Aubagne 2022/2023"]
[Site "Aubagne"]
[Date "2023.02.04"]
[Round "6.6"]
[White "Madi, Chahinez"]
[Black "Gamblin, Vincent"]
[Result "1-0"]
[WhiteElo "1469"]
[BlackElo "1452"]
[PlyCount "93"]
[WhiteTeam "Cercle d'Echecs Aubagnais"]
[BlackTeam "L'Echiquier du Roy René"]

1. e4 c5 2. Nf3 e6 3. Nc3 Nc6 4. Bc4 a6 5. a4 Qa5 6. d4 cxd4 7. Nxd4 Qc5 8.
Nxc6 Qxc4 9. Ne5 Qc7 10. Bf4 d6 11. Nd3 Ne7 12. O-O Ng6 13. Bg3 Be7 14. a5 b5
15. axb6 Qxb6 16. Qd2 Bb7 17. Rfd1 O-O 18. Na4 Qc6 19. Re1 f5 20. Nb4 Qb5 21.
exf5 Qxf5 22. Qe3 e5 23. Qb3+ Kh8 24. Nd5 Bxd5 25. Qxd5 Bh4 26. Qd2 Bxg3 27.
hxg3 e4 28. Qe2 d5 29. Rf1 d4 30. Ra3 Ne5 31. g4 Nxg4 32. Rg3 Ne5 33. Nc5 Nf3+
34. gxf3 Qxc5 35. fxe4 a5 36. Qg4 Qe5 37. Qg5 Qxg5 38. Rxg5 a4 39. Rd5 Rad8 40.
Rd1 Rxd5 41. exd5 Rf4 42. d6 Rf7 43. Rxd4 Rd7 44. c4 Kg8 45. c5 Kf7 46. c6 Rd8
47. c7 1-0